Politické a ideologické príčiny euroskepticizmu a odmietavých postojov k Zmluve o ústave pre Európu v Slovenskej republike

Guardado en:
Detalles Bibliográficos
Autor principal: Weiss, Peter
Formato: Capítulo de libro
Lenguaje:eslovaco
Etiquetas: Agregar Etiqueta
Sin Etiquetas, Sea el primero en etiquetar este registro!

MARC

LEADER 00000naa$a2200000$$$4500
001 0060607
005 20240502083144.5
041 0 |a slo 
044 |a PL 
245 1 0 |a Politické a ideologické príčiny euroskepticizmu a odmietavých postojov k Zmluve o ústave pre Európu v Slovenskej republike  |c Peter Weiss 
100 1 |a Weiss, Peter